[Event "Poznan op 28th"]
[Site "Poznan"]
[Date "2021.08.20"]
[Round "7"]
[White "Podobinski, Piotr"]
[Black "Wojciechowski, Szymon"]
[Result "1/2-1/2"]
[WhiteElo "1130"]
[BlackElo "1207"]
[PlyCount "58"]
[EventDate "2021.08.15"]
[EventType "swiss"]
[EventRounds "9"]
[EventCountry "POL"]
[SourceTitle "CBM 203 Extra"]
[Source "ChessBase"]
[SourceDate "2021.09.30"]
[SourceVersion "1"]
[SourceVersionDate "2021.09.30"]
[SourceQuality "1"]

1. Nf3 c5 2. g3 d5 3. Bg2 Nf6 4. d3 Bf5 5. 0-0 e6 6. Re1 Be7 7. Nbd2 0-0 8. h3 Nc6 9. Nh4 Bg6 10. Nxg6 fxg6 11. e4 Qb6 12. c3 Ne5 13. exd5 Bd6 14. Nc4 Nxc4 15. dxc4 exd5 16. cxd5 c4 17. Be3 Qxb2 18. Re2 Qa3 19. Qc2 a6 20. Bd4 Rad8 21. Qb2 Qxb2 22. Rxb2 b5 23. a4 Rb8 24. axb5 axb5 25. Rbb1 b4 26. cxb4 Rxb4 27. Rc1 Rc8 28. Bf1 Nxd5 29. Bxc4 Kf8 1/2-1/2

[Event "Poznan op 28th"]
[Site "Poznan"]
[Date "2021.08.15"]
[Round "2"]
[White "Podobinski, Piotr"]
[Black "Chaczynski, Kamil"]
[Result "0-1"]
[WhiteElo "1130"]
[BlackElo "2040"]
[PlyCount "66"]
[EventDate "2021.08.15"]
[EventType "swiss"]
[EventRounds "9"]
[EventCountry "POL"]
[SourceTitle "CBM 203 Extra"]
[Source "ChessBase"]
[SourceDate "2021.09.30"]
[SourceVersion "1"]
[SourceVersionDate "2021.09.30"]
[SourceQuality "1"]

1. d4 Nf6 2. Nc3 d5 3. Bf4 Bf5 4. f3 e6 5. g4 Bg6 6. h4 h5 7. g5 Nfd7 8. e3 a6 9. Bd3 Bxd3 10. Qxd3 c5 11. Nge2 Nc6 12. a3 b5 13. e4 dxe4 14. Qxe4 Nxd4 15. Nxd4 cxd4 16. Nd5 Rc8 17. b4 Nc5 18. Nc7+ Qxc7 19. bxc5 Qxc5 20. 0-0 Bd6 21. Bxd6 Qxd6 22. Rad1 0-0 23. Rxd4 Qxa3 24. g6 Qe7 25. Ra1 f5 26. Qe5 Rc5 27. Rd7 Qxd7 28. Qxc5 Rc8 29. Qb6 Qe8 30. Qxa6 Qxg6+ 31. Kf1 Rxc2 32. Qxb5 Qg2+ 33. Ke1 Qf2+ 0-1

[Event "Poznan op 28th"]
[Site "Poznan"]
[Date "2021.08.15"]
[Round "1"]
[White "Sobczak, Miroslaw"]
[Black "Podobinski, Piotr"]
[Result "1/2-1/2"]
[WhiteElo "1748"]
[BlackElo "1130"]
[PlyCount "89"]
[EventDate "2021.08.15"]
[EventType "swiss"]
[EventRounds "9"]
[EventCountry "POL"]
[SourceTitle "CBM 203 Extra"]
[Source "ChessBase"]
[SourceDate "2021.09.30"]
[SourceVersion "1"]
[SourceVersionDate "2021.09.30"]
[SourceQuality "1"]

1. e4 e5 2. Nf3 Nf6 3. Bc4 Nxe4 4. Nc3 Nxc3 5. dxc3 Be7 6. Nxe5 0-0 7. Qh5 d5 8. Bd3 g6 9. Qf3 Bf6 10. Ng4 Bxg4 11. Qxg4 Nd7 12. Bh6 Ne5 13. Qg3 Nxd3+ 14. cxd3 Re8+ 15. Kd2 Bg7 16. Bxg7 Kxg7 17. Rae1 Qd7 18. b3 c6 19. f3 h5 20. d4 b5 21. h4 a5 22. Qf4 a4 23. b4 Re6 24. Rxe6 Qxe6 25. Re1 Qf6 26. Qe5 Rd8 27. g4 hxg4 28. fxg4 Qxe5 29. dxe5 Rh8 30. Rh1 Re8 31. Re1 Rh8 32. e6 f6 33. Kd3 Kf8 34. e7+ Ke8 35. Re6 Rxh4 36. Rxf6 Rxg4 37. Rxc6 Kxe7 38. Rb6 Rg2 39. a3 Ra2 40. Rxb5 Rxa3 41. Rb6 Ra1 42. Kd4 Rd1+ 43. Kc5 Rc1 44. Kd4 Rd1+ 45. Kc5 1/2-1/2